000 00388cam a22001217a 4500
008 180718b1962 xxu||||| |||| 00| 0 eng d
082 _aP4x42 Un3c
245 _aSchools and the commonwealth
_cby Ministry of Education
260 _aLondon
_bHer Majesty's Stationery Office
_c1962
300 _a45p.
500 _aLibrary has Pamphlet No. 40 and No. 42
700 _aU.K. Ministry of Education
999 _c414782
_d414782